00970nas a2200229Ia 4500001001100000003000900011008004100020040001300061040001300074041001300087100004700100210001200147222001200159245010300171250001100274260002200285501008600307300001800393362002600411500026000437650004300697R142/77664IT-RoPAU151124c99999999xx |||||||||||| ||und|| aIT-RoPAU cIT-RoPAU aFRANCESE aDe Fornel MichelgCodice Aut. SPICS: 37411 aRESEAUX aReseaux aRESEAUX, N.038 (DICEMBRE 1989)bUne Situation Interactionnelle Negligee: la Messagerie Telematique a1a ed. aPARISbCNETc1989 bPaulus - SPICS - Società San Paolo EM (non-commercial uses only)cCopyright2015 a18 p. [31-48] aN.038 (DICEMBRE 1989) aUna Situazione Interattiva Trascurata: Messaggeria Telematica. Spazio D'Interazione Diffusa. Incrocio Delle Interazioni. Pseudonimo Come Indice di Copresenza e Risorsa Tematica. Contesto Interpretativo. Calcoli Interpretativi. Trasmissioni Rosa e Conquist aCOMUNICAZIONEvPUBBLICAZIONE PERIODICA